<?xml version="1.0" encoding="UTF-8"?>
<record
    xmlns:xsi="http://www.w3.org/2001/XMLSchema-instance"
    xsi:schemaLocation="http://www.loc.gov/MARC21/slim http://www.loc.gov/standards/marcxml/schema/MARC21slim.xsd"
    xmlns="http://www.loc.gov/MARC21/slim">

  <leader>02667nam a2200337   4500</leader>
  <controlfield tag="001">110</controlfield>
  <controlfield tag="003">OSt</controlfield>
  <controlfield tag="005">20250528074012.0</controlfield>
  <controlfield tag="008">250127b        |||||||g |||| 00| 1 eng d</controlfield>
  <datafield tag="040" ind1=" " ind2=" ">
    <subfield code="b">por</subfield>
  </datafield>
  <datafield tag="041" ind1=" " ind2=" ">
    <subfield code="h">spa</subfield>
    <subfield code="a">por</subfield>
  </datafield>
  <datafield tag="082" ind1=" " ind2=" ">
    <subfield code="a">863</subfield>
    <subfield code="b">C419d</subfield>
  </datafield>
  <datafield tag="100" ind1="1" ind2=" ">
    <subfield code="a">Cervantes Saavedra, Miguel de</subfield>
    <subfield code="d">1547-1616</subfield>
    <subfield code="9">238</subfield>
  </datafield>
  <datafield tag="240" ind1=" " ind2=" ">
    <subfield code="a">El ingenioso hidalgo Don Quijote de la Mancha</subfield>
  </datafield>
  <datafield tag="245" ind1=" " ind2=" ">
    <subfield code="a">Dom Quixote de la Mancha II /</subfield>
    <subfield code="c">Cervantes, Miguel de ; Tradu&#xE7;&#xE3;o de Visconde de Castilho e Azevedo e notas por Jos&#xE9; Mar&#xED;a Castro Calvo</subfield>
  </datafield>
  <datafield tag="260" ind1=" " ind2=" ">
    <subfield code="a">S&#xE3;o Paulo</subfield>
    <subfield code="b">C&#xED;rculo do livro</subfield>
    <subfield code="c">1980</subfield>
  </datafield>
  <datafield tag="300" ind1=" " ind2=" ">
    <subfield code="a">352 p.</subfield>
  </datafield>
  <datafield tag="490" ind1="1" ind2=" ">
    <subfield code="a">Os Grandes Cl&#xE1;ssicos</subfield>
  </datafield>
  <datafield tag="520" ind1=" " ind2=" ">
    <subfield code="a">H&#xE1; pouco considerado por uma comiss&#xE3;o internacional de escritores como o melhor livro de todos os tempos, Dom Quixote nos chega agora traduzido e adaptado por Ferreira Gullar, que extraiu o melhor sumo do conte&#xFA;do po&#xE9;tico e humanista dos cinco grossos volumes da edi&#xE7;&#xE3;o original da obra de Miguel de Cervantes e, numa linguagem moderna e fluida, a tornou mais acess&#xED;vel aos leitores de nosso tempo. As ilustra&#xE7;&#xF5;es de Gustave Dor&#xE9; com certeza tamb&#xE9;m ser&#xE3;o um deleite para os leitores. Dom Quixote certamente vai seguir a trilha do &#xEA;xito obtido por Gullar no tratamento de dois cl&#xE1;ssicos da literatura - F&#xE1;bulas de La Fontaine e As mil e uma noites, ambos ganhadores do pr&#xEA;mio "Altamente Recomend&#xE1;vel", dado pela FNLIJ -, tamb&#xE9;m editados pela Revan, que hoje estimulam a imagina&#xE7;&#xE3;o e enchem de beleza os olhos de dezenas de milhares de crian&#xE7;as e adultos em todo o Brasil.



A hist&#xF3;ria mostra um ing&#xEA;nuo senhor rural cujo passatempo favorito era a leitura de livros de cavalaria. Na sua obsess&#xE3;o, acreditava literalmente nas aventuras escritas e decide tornar-se um cavaleiro andante. Suas viagens sucedem-se sob a alucina&#xE7;&#xE3;o de que estava vivendo na era da cavalaria; pessoas que encontrava nas estradas pareciam-lhe como cavaleiros em armas, damas em apuros, gigantes e monstros; at&#xE9; moinhos de vento na sua imagina&#xE7;&#xE3;o eram seres vivos. Combatendo as injusti&#xE7;as, o personagem enfrenta situa&#xE7;&#xF5;es penosas e rid&#xED;culas, mantendo, por&#xE9;m, uma figura nobre e pat&#xE9;tica. Ao final, Dom Quixote volta &#xE0; raz&#xE3;o, renuncia aos romances de cavalaria e morre como piedoso crist&#xE3;o.</subfield>
  </datafield>
  <datafield tag="650" ind1=" " ind2="0">
    <subfield code="a">Literatura espanhola</subfield>
    <subfield code="9">144</subfield>
  </datafield>
  <datafield tag="650" ind1=" " ind2="0">
    <subfield code="a">Aventura</subfield>
    <subfield code="9">47</subfield>
  </datafield>
  <datafield tag="650" ind1=" " ind2="0">
    <subfield code="a">Amor e Paix&#xE3;o</subfield>
    <subfield code="9">25</subfield>
  </datafield>
  <datafield tag="650" ind1=" " ind2="0">
    <subfield code="a">Cl&#xE1;ssicos</subfield>
    <subfield code="9">77</subfield>
  </datafield>
  <datafield tag="650" ind1=" " ind2="0">
    <subfield code="a">Filme</subfield>
    <subfield code="9">26</subfield>
  </datafield>
  <datafield tag="655" ind1=" " ind2="0">
    <subfield code="a">Romance</subfield>
    <subfield code="9">23</subfield>
  </datafield>
  <datafield tag="655" ind1=" " ind2="0">
    <subfield code="a">Fic&#xE7;&#xE3;o </subfield>
    <subfield code="9">22</subfield>
  </datafield>
  <datafield tag="700" ind1=" " ind2=" ">
    <subfield code="a">Visconde de Castilho e Azevedo</subfield>
    <subfield code="e">Tradutor</subfield>
    <subfield code="9">241</subfield>
  </datafield>
  <datafield tag="700" ind1=" " ind2=" ">
    <subfield code="a">Jos&#xE9; Mar&#xED;a Castro Calvo</subfield>
    <subfield code="d">Notas</subfield>
    <subfield code="e">Ilustra&#xE7;&#xE3;o</subfield>
    <subfield code="9">242</subfield>
  </datafield>
  <datafield tag="830" ind1=" " ind2=" ">
    <subfield code="a">Os Grandes Cl&#xE1;ssicos</subfield>
    <subfield code="9">243</subfield>
  </datafield>
  <datafield tag="942" ind1=" " ind2=" ">
    <subfield code="2">ddc</subfield>
    <subfield code="n">0</subfield>
    <subfield code="c">BK</subfield>
  </datafield>
  <datafield tag="952" ind1=" " ind2=" ">
    <subfield code="0">0</subfield>
    <subfield code="1">0</subfield>
    <subfield code="2">ddc</subfield>
    <subfield code="3">vol. 02</subfield>
    <subfield code="4">0</subfield>
    <subfield code="7">0</subfield>
    <subfield code="8">FIC</subfield>
    <subfield code="a">BIBIB</subfield>
    <subfield code="b">BIBIB</subfield>
    <subfield code="c">LE</subfield>
    <subfield code="d">2008-09-10</subfield>
    <subfield code="e">doa&#xE7;&#xE3;o</subfield>
    <subfield code="l">0</subfield>
    <subfield code="o">863 / C419d</subfield>
    <subfield code="p">2025-13536</subfield>
    <subfield code="r">2025-01-27 07:33:12</subfield>
    <subfield code="w">2025-01-27</subfield>
    <subfield code="y">BK</subfield>
  </datafield>
  <datafield tag="999" ind1=" " ind2=" ">
    <subfield code="c">110</subfield>
    <subfield code="d">110</subfield>
  </datafield>
</record>
